Pútnické miesto - staroslávny Velehrad

Bibliographic Details
Main Author: Košík, Ľudovít, 1959- (Author)
Format: Article
Language:Slovak
ISSN:0139-8512
Subjects:

MARC

LEADER 00000nab a2200000 a 4500
001 vtls000641747
003 SK-MaSNL
005 20260303174241.0
008 160401c1997 xo 0 slo
015 |a SNBRB19rr/mm-uuuuu 
035 |a CL0641886 
040 |a SNKBUCL  |b slo  |c SNKBUCL  |e AACR2 
041 0 |a slo 
044 |a xo  |c SK 
080 |a 264-031(437.678)(091)  |2 1981 
100 1 |a Košík, Ľudovít,  |d 1959-  |4 aut  |9 164188 
245 1 0 |a Pútnické miesto - staroslávny Velehrad  |c Ľ. Košík 
650 0 7 |a pútnické miesta  |2 snkbucl  |9 3031 
650 0 7 |a Velehrad  |2 snkbucl  |9 979386 
655 7 |a články z novín a časopisov  |2 snkbucl  |9 267496 
773 0 |x 0139-8512  |t Katolícke noviny  |g Roč. 112, č. 44 (1997), s. 14 
850 |a Slovenská národná knižnica v Martine  |a MTA001 
852 |a SNK  |b KIS3GCP 
958 |a RK 
999 |c 2095767  |d 2097697